| 000 | 00472nam a2200169 4500 | ||
|---|---|---|---|
| 001 | 118314 | ||
| 003 | ES-MaACL | ||
| 005 | 20240418063117.0 | ||
| 007 | t| | ||
| 008 | 070214s1963 sp r ||||1| spa d | ||
| 100 | 1 |
_aPerucho, Joan, _d1920-2003 _991415 |
|
| 245 | 1 | 0 |
_aGalerĂa de espejos sin fondo / _cJoan Perucho. |
| 260 |
_aBarcelona : _bDestino, _c1963. |
||
| 300 |
_a189 p. ; _c18 cm. |
||
| 852 |
_aES-MaACL _jC-24379 _bR.52731 |
||
| 999 |
_c118314 _d118314 |
||